|
|
|
|
| LEADER |
00000nam0a2200000 4500 |
| 001 |
177995 |
| 005 |
20231101223356.0 |
| 010 |
|
|
|a 9785940521891
|
| 035 |
|
|
|a (RuTPU)RU\TPU\book\192977
|
| 090 |
|
|
|a 177995
|
| 100 |
|
|
|a 20100331d2009 k y0rusy50 ca
|
| 101 |
0 |
|
|a rus
|
| 102 |
|
|
|a RU
|
| 105 |
|
|
|a a z 001zd
|
| 200 |
1 |
|
|a Исследования по истории физики и механики. 2008
|f Российская академия наук (РАН), Институт истории естествознания и техники им. С. И. Вавилова (ИИЕТ) ; под ред. Г. М. Идлиса
|
| 210 |
|
|
|a Москва
|c Физматлит
|d 2009
|
| 215 |
|
|
|a 416 с.
|c ил.
|
| 320 |
|
|
|a Библиогр. в конце глав.
|
| 330 |
|
|
|a В сборник входят материалы, посвященные 100-летнему юбилею со дня рождения Л.Д. Ландау; история открытия сверхпроводников II рода, связанная с именем Л.В. Шубникова; страницы истории Нижегородского кружка любителей физики и астрономии, созданном в конце XIX века; исследование возможных, но не состоявшихся награждений и недооцененных приоритетов, а также ряд статей по разным специальным вопросам истории физики: ансамблевому подходу в физике стохастических явлений, пространственно-временным преобразованиям в СТО, альтернативных лоренцевским; некоторым проблемам единой теории поля и др. Большой раздел посвящен памяти члена редколлегии сборника B.C. Кирсанова.
|
| 600 |
|
1 |
|a Ландау
|b Л. Д.
|c российский физик-теоретик
|c академик АН СССР
|f 1908-1968
|g Лев Давидович
|2 stltpush
|3 (RuTPU)RU\TPU\pers\216
|9 111
|
| 600 |
|
1 |
|a Кирсанов
|b В. С.
|c историк физики и механики
|f 1936-2007.
|g Владимир Семенович
|2 stltpush
|3 (RuTPU)RU\TPU\pers\26175
|9 11984
|
| 600 |
|
1 |
|a Тангерлини
|b Ф. Р.
|c физик
|f 1924-
|g Фрэнк Роберт
|2 stltpush
|3 (RuTPU)RU\TPU\pers\26177
|
| 606 |
1 |
|
|a Физика
|x История
|2 stltpush
|3 (RuTPU)RU\TPU\subj\42263
|9 61950
|
| 606 |
1 |
|
|a Механика
|x История
|2 stltpush
|3 (RuTPU)RU\TPU\subj\43560
|9 63047
|
| 610 |
1 |
|
|a история
|
| 610 |
1 |
|
|a сверхпроводники второго уровня
|
| 610 |
1 |
|
|a автофазировка
|
| 610 |
1 |
|
|a стохастические явления
|
| 610 |
1 |
|
|a преобразования Тангерлини
|
| 610 |
1 |
|
|a наука
|
| 675 |
|
|
|a 53(09)
|v 3
|
| 675 |
|
|
|a 531(09)
|v 3
|
| 702 |
|
1 |
|a Идлис
|b Г. М.
|4 340
|
| 712 |
0 |
2 |
|a Российская академия наук (РАН)
|b Институт истории естествознания и техники им. С. И. Вавилова (ИИЕТ)
|c (Москва)
|2 stltpush
|3 (RuTPU)RU\TPU\col\155
|
| 801 |
|
1 |
|a RU
|b 63413507
|c 20100331
|
| 801 |
|
2 |
|a RU
|b 63413507
|c 20201111
|g RCR
|
| 942 |
|
|
|c BK
|